000 01242cad a22002175a 4500
001 L144874
008 080815s2008 xxk f s 000 0 eng d
035 _a(Sirsi) u144874
041 0 _aeng
050 0 4 _a333.33 $2 18
100 1 _aThompson, Brian
245 0 0 _aProperty in the economy
_bworkplace design and productivity
_bare they inextricably linked?
_h[electronic resource]
260 _aLondon
_bRICS
_c2008
490 0 _aRICS Property in the Economy
520 _aWritten with the aim of pushing the issue of workplace productivity higher up the agenda, discusses the losses to UK business as a result of inefficient workplaces. Highlights the fact that relatively small increases in occupier productivity can lead to significant cost savings. Makes recommendations for the wider property industry including, the need for better understanding of the needs of occupiers before, during and after property is procured, or even following refurbishment. Includes a self-assessment questionnaire for organisations to assess their awareness of productivity in their workplace.
521 2 _aAdvanced
590 _aKA
651 4 _aUnited Kingdom
_y
690 _aPROPERTY-COMMERCIAL PROPERTY-COMMERCIAL PROPERTY MARKET
942 _n0
999 _c108640
_d108640